| 000 | 00439pam a2200157 a 4500 | ||
|---|---|---|---|
| 020 |
_a1853172170 _c |
||
| 041 | _aeng | ||
| 082 |
_a616.1 _bSUT/MAN |
||
| 100 | _aSYTTEN, M . | ||
| 245 |
_aATLAS OF MULTIPLANE TRANSESOPHAGEAL ECHOCARDIOGRAPHY VOL-2 / _cNULL. _hTextual Documents |
||
| 260 |
_aNULL : _bMARTIN DUNITZ , _c2003. |
||
| 300 |
_a470-935 : _bX ; _cNULL . |
||
| 700 | _aMANIET, A . | ||
| 930 | _a1601 | ||
| 999 |
_c796137 _d796137 |
||
| 650 | _aGEN.MEDICINE | ||